Hacking with Kali Linux (Record no. 30652)

MARC details
000 -LEADER
fixed length control field 00435nam a2200169Ia 4500
020 ## - INTERNATIONAL STANDARD BOOK NUMBER
ISBN 9781695786639
050 ## - CALL MARK
Classification number QA 76.9.A25 .S66/
100 ## - STATEMENT OF RESPONSIBILITY--MAIN AUTHOR NAME
Personal name Snow, Juliian
245 #0 - TITLE STATEMENT
Title Hacking with Kali Linux
260 ## - PUBLICATION, DISTRIBUTION, ETC. (IMPRINT)
Place of publication Britain
260 ## - PUBLICATION, DISTRIBUTION, ETC. (IMPRINT)
Year of publication 2019
300 ## - PHYSICAL DESCRIPTION
Number of Pages 241 p
650 ## - SUBJECT ADDED ENTRY--TOPICAL TERM
Topical Term Kali Linux. Penetration testing (Computer security) Hackers.
942 ## - ADDED ENTRY ELEMENTS (KOHA)
Koha item type Books
Holdings
Withdrawn status Lost status Source of classification or shelving scheme Damaged status Not for loan Permanent Location Current Location Shelving location Date acquired Accession Number Price effective from Koha item type
    Library of Congress Classification     NILE UNIVERSITY OF NIGERIA - MAIN LIBRARY NILE UNIVERSITY OF NIGERIA - MAIN LIBRARY Items on shelf 04/23/2025 0193323 04/23/2025 Books